000 00491nam a22001817a 4500
003 NUST-PNEC
005 20170116180951.0
008 140328b xxu||||| |||| 00| 0 eng d
020 _a-
040 _cLIBRARY
082 _a621.38043 DEF
100 _99134
_aDefatta, David J.
245 _aDigital Signal Processing : a system design approach
_cDavid J. Defatta
260 _cc.1988
300 _axv, 968 p. :
_bill. :
_c24 cm
650 _xMScom
_99132
_aSystem design
942 _2ddc
_cBK
999 _c66417
_d66417